000 00932cab a2200253 4500
001 WB2921-09
008 090401t1993 xxu||||| |||| 00| 0 eng d
035 _a(Sirsi) u42711
041 _aeng
245 _aProperty debt sale urged by Bank
260 _c1993
350 _a0
490 _aFinancial Times
_v2 June 1993, 8
490 _aDaily Telegraph
_v2 June 1993, 23
490 _aCSW - The Property Week
_v43(10) 3 June 1993, 4(2)
520 _aAddressing the Association of Property Bankers, an associate director of the Bank of England suggested banks sell their loans to property companies as property-backed bonds. He also broached means by which closer understanding may be achieved.
650 _aBANK LENDING
650 _aPROPERTY DEBT
650 _aSALE
650 _aSTATISTICS
690 _aPROPERTY-COMMERCIAL PROPERTY-COMMERCIAL PROPERTY FINANCE AND INVESTMENT
942 _n0
948 _c04/03/1997
999 _c27331
_d27331